01093 am a2200301ua 4500001001000000003000900010005001700019008004100036020002100077020002100098040003100119082002000150245008400170264005000254300002700304336002600331337002800357338002700385504004100412650007200453651001000525653002300535655002400558700003500582942001200617999001700629952014500646007368852EG-ScBUE20220124143333.0840626s1974 nyu f b 000 0 eng d a0231038461 (hbk) a0231083742 (pbk) aUkbengerdacUkdEG-ScBUE04a823.03bSIX22200aSix modern British novelists /cedited with an introduction by by George Stade. 1aNew York :bColumbia University Press,c1974. axv, 294 pages ;c21 cm 2rdacontentatextbtxt 2rdamediaaunmediatedbn 2rdacarrieravolumebnc aIncludes bibliographical references. 7aEnglish fictiony20th centuryxHistory and criticism.2BUEsh930425 2BUEsh cJuly2012bHHUUEENN vReading book9342321 aStade, George,eeditor.930426 2ddccBB c16832d16832 00102ddc40708BaccahaMAINbMAINc2NDd2012-07-09epurchaseg291.00h15359l0o823.03 SIXp000026935r2025-07-15 00:00:00w2012-07-09yBB